000 00466nmm a2200181Ia 4500
008 251105s9999||||xx |||||||||||||||||und||
041 _aspa
100 _aManvell, Roger
245 0 _aGoering
264 _a[Madrid, España] :
_bRoca Editorial,
_c2014
300 _a420 páginas
490 _aTempus
650 _aBiography
700 _aManvell, Roger
700 1 _a Riesco, Xavier
856 _uhttps://public.digitaliapublishing.com/a/38403
942 _cCF
999 _c68251
_d68251